00383nam a2200145 a 45000010005000000030009000050080041000140400028000550820019000831000028001022450027001302600040001573000015001976500025002125380CO-ViMGA141112s2004 ck r 000 u spa d aCO-ViMGAbspacCO-ViMGA aR796.334 P373r1 aPerea, Rosero Tucidides10aReglamento de fútbol aBogotá : bPanAméricana, c1991 a203 p : il14aFUTBOL - REGLAMENTOS